000 00407nam a2200157Ia 4500
008 210716s1976 xx 000 0 und d
020 _a0814454216
041 _aeng
082 _a657.42 SIMJ
100 _aSimini, Joseph Peter.
245 _aCost accounting concepts for nonfinancial executives.
250 _a1
260 _aNew York
_bAMACOM
_c1976
300 _aviii,162
650 _aCost Accounting
999 _c202261
_d202261